000 00524nam a2200181Ia 4500
005 20250508162441.0
008 008 250505s9999 xx 000 0 eng d
037 _aTextual
040 _aFEDL
_beng
_cFEDL
041 _aeng
_2eng
084 _a297, WOJ
_qFEDL
100 _aWojtilla Gyula Ed.
245 0 _aContribution of Islam to World Civilization and culture
260 _aNew Delhi, India
_bLight and Life Publishers
_c1983
300 _a183p
942 _cTEXL
_h297, WOJ
999 _c1376624
_d1376624